Biggest American Cities that End in D on a Map - Statistics

General Stats
  • This quiz has been taken 236 times
  • The average score is 15 of 28
Answers on the Map
Answers color-coded by a green-red scale on the quiz's map according to % correct below.
 
Answer Stats
Population City % Correct
652,503 Portland
99%
372,624 Cleveland
91%
440,646 Oakland
79%
226,610 Richmond
79%
116,448 Richmond
79%
169,176 Springfield
79%
155,929 Springfield
79%
114,394 Springfield
79%
121,054 Hartford
74%
403,455 Bakersfield
73%
132,524 Midland
58%
148,655 Rockford
55%
103,453 South Bend
55%
135,470 Stamford
50%
246,018 Garland
48%
112,641 Lakeland
46%
202,063 Oxnard
43%
125,410 Concord
39%
105,240 Concord
39%
153,067 Hollywood
37%
101,079 New Bedford
37%
111,026 Sugar Land
36%
155,984 Lakewood
35%
125,828 Pearland
31%
114,746 Carlsbad
26%
162,954 Hayward
23%
119,881 Fairfield
21%
107,762 Inglewood
20%
No matching quizzes found
Score Distribution
Percent of People with Each Score
Percentile by Number Answered
Your Score History
You have not taken this quiz